| 000 | 01490nam a2200349Ia 4500 | ||
|---|---|---|---|
| 001 | dia_6136 | ||
| 003 | CHAP | ||
| 005 | 20251023163438.0 | ||
| 008 | 220117s2009 xx 000 0 und d | ||
| 010 | _a177321 | ||
| 020 | _a607776521-x | ||
| 040 | _cCHAP | ||
| 082 | _aC 664 M46 2009 | ||
| 111 |
_aCongreso Internacional Inocuidad de Alimentos (11° : 2009 Nov. 5-7 : Puerto Vallarta, Jalisco, México) _9160876 |
||
| 245 |
_aMemorias / _c 11° Congreso Internacional Inocuidad de Alimentos ; organizado por la Reunión de la Asociación Mexicana de Protección a los Alimentos, 5-7 Noviembre 2009 en Puerto Vallarta, Jalisco, México |
||
| 260 |
_aMéxico : _b U. de G., _c2009 |
||
| 300 | _a272 p. | ||
| 503 | _aD. | ||
| 504 | _aIncluye bibliografías | ||
| 590 | _aC SF746 M46 2009 | ||
| 650 |
_aFood microbiology _xCongresses _9160877 |
||
| 650 |
_aFood safety _xCongresses _9160878 |
||
| 650 |
_aInocuidad alimentaria _xCongresos, conferencias, etc. _9160879 |
||
| 650 |
_aMicrobiología alimentaria _xCongresos, conferencias, etc. _9160880 |
||
| 650 |
_aToxicología _xCongresos, conferencias, etc. _9160881 |
||
| 650 |
_aToxicology _xCongresses _9160882 |
||
| 711 |
_aReunión Nacional de Microbiología, Higiene y Toxicología de los Alimentos (26° : 2009 Nov. 5-7 : Puerto Vallarta, Jalisco, México) _9160883 |
||
| 901 | _aC 664 M46 2009 | ||
| 902 | _aM | ||
| 905 | _a5232272009 mx mn 8223123322spa16 | ||
| 942 |
_cLIBRO _2ddc |
||
| 999 |
_c177321 _d177321 |
||